Score 0/24 Timer 04:00
0 Plays Today
Title Missing Word % Correct
National Lampoon's ____Vacation
93.5%
____ Pray LoveEat
92.9%
An American Werewolf in ____London
92.3%
The Bucket ____List
91.6%
____ by the Dozen 2Cheaper
90.8%
The ____ OutdoorsGreat
90.5%
Under the Tuscan ____Sun
89.7%
Roman ____Holiday
88.3%
Hot Tub ____ MachineTime
88%
____ at Bernie'sWeekend
87.2%
Forgetting ____ MarshallSarah
86.5%
Midnight in ____Paris
83.9%
Title Missing Word % Correct
The ____ Mr. RipleyTalented
83.6%
Grown ____Ups
77%
____ Cristina BarcelonaVicky
63.8%
Dirty ____Dancing
61.9%
The Way Way ____Back
58.9%
The ____ Part IIHangover
47.2%
The Best ____ Marigold HotelExotic
46.3%
One Crazy ____Summer
42.3%
The Darjeeling ____Limited
41.1%
____ SunriseBefore
33.7%
Letters to ____Juliet
22.6%
Enchanted ____April
17.7%

Today's Daily Dose

Remove Ads.
Support Sporcle.
Get the best of Sporcle when you Go Orange. This ad-free experience offers more features, more stats, and more fun while also helping to support Sporcle. Thank you for becoming a member.

You're not logged in!

Compare scores with friends on all Sporcle quizzes.
OR
Log In

Show Comments

Extras

Top Quizzes Today


Score Distribution

Your Account Isn't Verified!

In order to create a playlist on Sporcle, you need to verify the email address you used during registration. Go to your Sporcle Settings to finish the process.

Report this User

Report this user for behavior that violates our Community Guidelines.

Details: